| 000 | 00558nam a2200217 i 4500 | ||
|---|---|---|---|
| 001 | bg | ||
| 100 | 1 | _aSOCHA, Jacek | |
| 245 | 1 | 0 |
_aRynek, giełda, inwestycje / _cJacek Socha. |
| 260 |
_aWarszawa : _b"Olympus", _c1998. |
||
| 300 |
_a303 s. : _bwykr. ; _c21 cm. |
||
| 650 | 9 | _aGiełda papierów wartościowych | |
| 650 | 9 | _aPapiery wartościowe | |
| 650 | 9 | _aRynek kapitałowy | |
| 020 | _a8387559008 | ||
| 040 | _cBPK | ||
| 041 | 0 | _apol | |
| 080 | _a336.76 | ||
| 920 | _a83-87559-00-8 | ||
| 942 | _cKS | ||
| 008 | s pl f |000 0 pol | ||
| 999 |
_c51916 _d51916 |
||
| 856 |
_uhttp://koha.tu.koszalin.pl/cgi-bin/koha/opac-detail.pl?biblionumber=51916 _yKatalog online BPK |
||